[Event "3. Magitral Ciutat de Badalona"]
[Site "Badalona ESP"]
[Date "2005.03.01"]
[Round "1.1"]
[White "Belezky, Sasha"]
[Black "Kalod, Radek"]
[Result "1/2-1/2"]
[WhiteElo "2399"]
[BlackElo "2505"]
[PlyCount "86"]
[EventDate "2005.03.01"]
[EventType "tourn"]
[EventRounds "9"]
[EventCountry "ESP"]
[EventCategory "8"]
[Source "lmi"]
[SourceDate "2005.03.11"]

1. Nf3 Nf6 2. d3 b6 3. g3 Bb7 4. Bg2 d5 5. O-O Nbd7 6. Nbd2 e5 7. e4 Bd6 8. Nh4
O-O 9. exd5 Bxd5 10. Bxd5 Nxd5 11. Nf5 Ne7 12. Nxd6 cxd6 13. d4 Qc7 14. b3 Rad8
15. Ba3 Rfe8 16. Ne4 Nf5 17. dxe5 Nxe5 18. c4 Qc6 19. Nd2 d5 20. c5 bxc5 21.
Qc2 Nd4 22. Qxc5 Nef3+ 23. Nxf3 Nxf3+ 24. Kg2 Qg6 25. Qb4 Re4 26. Qa5 Ree8 27.
Qb4 Ng5 28. h4 Re4 29. Qa5 Ne6 30. Rae1 h5 31. Rxe4 dxe4 32. Bc1 Qg4 33. Be3
Rd7 34. Rc1 Kh7 35. Qb5 Rd3 36. Re1 Nc7 37. Qe5 Nd5 38. Bd4 Qf3+ 39. Kg1 Nf6
40. Bxa7 Rd1 41. Rxd1 Qxd1+ 42. Kg2 Qf3+ 43. Kg1 Qd1+ 1/2-1/2

[Event "3. Magitral Ciutat de Badalona"]
[Site "Badalona ESP"]
[Date "2005.03.01"]
[Round "1.2"]
[White "Lopez Martinez, Josep Manuel"]
[Black "Escobar Forero, Alder"]
[Result "1-0"]
[WhiteElo "2468"]
[BlackElo "2407"]
[PlyCount "55"]
[EventDate "2005.03.01"]
[EventType "tourn"]
[EventRounds "9"]
[EventCountry "ESP"]
[EventCategory "8"]
[Source "lmi"]
[SourceDate "2005.03.11"]

1. e4 c5 2. Nf3 d6 3. d4 cxd4 4. Nxd4 Nf6 5. Nc3 a6 6. Be3 e5 7. Nb3 Be6 8. f3
Nbd7 9. g4 Nb6 10. g5 Nfd7 11. Qd2 Be7 12. O-O-O O-O 13. Rg1 Rc8 14. h4 Nc4 15.
Bxc4 Rxc4 16. Kb1 f5 17. Nd5 fxe4 18. Na5 Rc5 19. Nf6+ Bxf6 20. Nxb7 Rd5 21.
Nxd8 Rxd2 22. Nxe6 Rxd1+ 23. Rxd1 Re8 24. Rxd6 Nf8 25. Nxf8 Be7 26. Re6 Kxf8
27. fxe4 Rd8 28. Kc1 1-0

[Event "3. Magitral Ciutat de Badalona"]
[Site "Badalona ESP"]
[Date "2005.03.01"]
[Round "1.3"]
[White "Fluvia Poyatos, Joan"]
[Black "Moskalenko, Viktor"]
[Result "0-1"]
[WhiteElo "2478"]
[BlackElo "2539"]
[PlyCount "63"]
[EventDate "2005.03.01"]
[EventType "tourn"]
[EventRounds "9"]
[EventCountry "ESP"]
[EventCategory "8"]
[Source "lmi"]
[SourceDate "2005.03.11"]

1. e4 d5 2. d4 e6 3. Nc3 Bb4 4. e5 b6 5. a3 Bf8 6. Nf3 c5 7. Bg5 Be7 8. Bxe7
Nxe7 9. Nb5 O-O 10. Bd3 h6 11. c3 Ba6 12. a4 Nbc6 13. b3 Na5 14. O-O Bxb5 15.
axb5 c4 16. b4 cxd3 17. bxa5 bxa5 18. Qa4 a6 19. Rfb1 axb5 20. Rxb5 Ng6 21. Qd1
Qc7 22. Rc5 Qb6 23. Qxd3 Rfb8 24. g3 a4 25. c4 Qb2 26. Ra3 Rb3 27. Qxb3 Qxb3
28. Rxb3 axb3 29. Nd2 b2 30. Kg2 Ra1 31. cxd5 Rd1 32. d6 0-1

[Event "3. Magitral Ciutat de Badalona"]
[Site "Badalona ESP"]
[Date "2005.03.01"]
[Round "1.4"]
[White "Granados Gomez, Manuel"]
[Black "Barrientos Chavarriaga, Sergio"]
[Result "1/2-1/2"]
[WhiteElo "2414"]
[BlackElo "2432"]
[PlyCount "142"]
[EventDate "2005.03.01"]
[EventType "tourn"]
[EventRounds "9"]
[EventCountry "ESP"]
[EventCategory "8"]
[Source "lmi"]
[SourceDate "2005.03.11"]

1. d4 Nf6 2. c3 g6 3. Nf3 Bg7 4. Bg5 d5 5. Nbd2 O-O 6. e3 Nbd7 7. Be2 Re8 8.
O-O c6 9. h3 e5 10. dxe5 Nxe5 11. Qb3 Ned7 12. c4 h6 13. Bh4 g5 14. Bg3 Nc5 15.
Qc2 Nfe4 16. cxd5 Bf5 17. Nxe4 Nxe4 18. Bd3 Nxg3 19. fxg3 Bxd3 20. Qxd3 Qb6 21.
Kh1 Rad8 22. e4 cxd5 23. exd5 Qd6 24. Rad1 Qxg3 25. b3 g4 26. hxg4 Qxg4 27. Nh2
Qg6 28. Rf5 Rd6 29. Qf3 Re3 30. Qxe3 Qxf5 31. Qf3 Qg5 32. Qe4 f5 33. Qf3 Be5
34. Qe2 Rg6 35. Nf3 Qh5+ 36. Kg1 Bh2+ 37. Kf1 Bd6 38. Rc1 Kh7 39. Rc4 Qh1+ 40.
Ng1 Qh2 41. Nf3 Qh1+ 42. Ng1 f4 43. Rc3 Qh4 44. Qe8 Qg4 45. Qe2 Qg5 46. Qe4 f3
47. Nxf3 Qxg2+ 48. Ke1 h5 49. Rc2 Bb4+ 50. Kd1 Qf1+ 51. Ne1 Qxe1+ 52. Qxe1 Bxe1
53. Kxe1 Rd6 54. Rc7+ Kg6 55. Rxb7 Rxd5 56. Rxa7 h4 57. Kf2 Kf5 58. Kg2 Rd3 59.
Ra5+ Kf4 60. Ra4+ Kf5 61. Rxh4 Rd2+ 62. Kf3 Rxa2 63. Rh5+ Ke6 64. Ke4 Kd6 65.
Kd4 Kc6 66. Kc4 Rc2+ 67. Kb4 Rg2 68. Rh6+ Kb7 69. Ka4 Rg4+ 70. b4 Rg5 71. Rd6
Rh5 1/2-1/2

[Event "3. Magitral Ciutat de Badalona"]
[Site "Badalona ESP"]
[Date "2005.03.01"]
[Round "1.5"]
[White "Narciso Dublan, Marc"]
[Black "Fluvia Poyatos, Jordi"]
[Result "1/2-1/2"]
[WhiteElo "2458"]
[BlackElo "2399"]
[PlyCount "83"]
[EventDate "2005.03.01"]
[EventType "tourn"]
[EventRounds "9"]
[EventCountry "ESP"]
[EventCategory "8"]
[Source "lmi"]
[SourceDate "2005.03.11"]

1. d4 d5 2. c4 e5 3. dxe5 d4 4. Nf3 Nc6 5. g3 Nge7 6. Bg2 Ng6 7. Bg5 Qd7 8. O-O
h6 9. Bf4 Nxf4 10. gxf4 g5 11. Nbd2 gxf4 12. Kh1 Bg7 13. Nb3 Nxe5 14. Nfxd4 O-O
15. Qc2 Qg4 16. Be4 Qh5 17. Rg1 c5 18. Bf3 Nxf3 19. Nxf3 Kh8 20. Qd2 Qf5 21.
Nc1 Be6 22. Nd3 Rad8 23. Rac1 Be5 24. b3 Qe4 25. Rcd1 Bf5 26. Qe1 f6 27. h4 Qc6
28. Ndxe5 fxe5 29. Rxd8 Rxd8 30. Qc3 Rd4 31. Kh2 Qf6 32. Rg2 e4 33. Nxd4 cxd4
34. Qa5 e3 35. Qc7 Qxh4+ 36. Kg1 exf2+ 37. Kf1 Qh1+ 38. Kxf2 Qh4+ 39. Kf1 Qh1+
40. Kf2 Qh4+ 41. Kf1 Qh1+ 42. Kf2 1/2-1/2

[Event "3. Magitral Ciutat de Badalona"]
[Site "Badalona ESP"]
[Date "2005.03.02"]
[Round "2.1"]
[White "Kalod, Radek"]
[Black "Fluvia Poyatos, Jordi"]
[Result "0-1"]
[WhiteElo "2505"]
[BlackElo "2399"]
[PlyCount "152"]
[EventDate "2005.03.01"]
[EventType "tourn"]
[EventRounds "9"]
[EventCountry "ESP"]
[EventCategory "8"]
[Source "lmi"]
[SourceDate "2005.03.11"]

1. e4 e6 2. d3 d5 3. Nd2 Nf6 4. Ngf3 b6 5. e5 Nfd7 6. g3 c5 7. c4 Nc6 8. Qe2
Nb4 9. Nb3 dxc4 10. dxc4 Bb7 11. Bg2 Nxe5 12. O-O Nxf3+ 13. Bxf3 Bxf3 14. Qxf3
Qc8 15. Bd2 Qc6 16. Qe2 Be7 17. Bc3 O-O 18. Qg4 g6 19. a3 Na6 20. Rae1 Nb8 21.
f4 Nd7 22. Nd2 Bf6 23. Bxf6 Nxf6 24. Qg5 Rad8 25. Nf3 Ne4 26. Qh4 f6 27. Re3
Nd2 28. Nxd2 Rxd2 29. Qh3 Rxb2 30. Rfe1 e5 31. fxe5 fxe5 32. Rxe5 Qf6 33. Re7
Rf7 34. Rxf7 Qxf7 35. Qc8+ Kg7 36. Rf1 Qe7 37. Qc6 Re2 38. Rd1 Qe3+ 39. Kh1 Kh6
40. Rf1 Rd2 41. Qf6 Qe4+ 42. Qf3 Qxf3+ 43. Rxf3 Ra2 44. h3 Kg7 45. Kg1 Rc2 46.
Rd3 a5 47. Rb3 Rxc4 48. Kf2 Rc2+ 49. Kf3 a4 50. Rxb6 Rc3+ 51. Kf4 Rxa3 52. Rb7+
Kh6 53. h4 Rc3 54. g4 Rc4+ 55. Kf3 g5 56. Rb6+ Kg7 57. hxg5 Rb4 58. Rc6 a3 59.
Rc7+ Kg6 60. Rc6+ Kf7 61. Rc7+ Ke6 62. Ra7 c4 63. Ke4 c3+ 64. Kd3 Rxg4 65. Rxh7
Ra4 66. Rh1 a2 67. Ra1 Ra3 68. g6 Kf6 69. Kc2 Kxg6 70. Rg1+ Kf6 71. Ra1 Ke6 72.
Kd3 Kd5 73. Kc2 Kc5 74. Kd3 Kb4 75. Kc2 Ra8 76. Kd3 Kb3 0-1

[Event "3. Magitral Ciutat de Badalona"]
[Site "Badalona ESP"]
[Date "2005.03.02"]
[Round "2.2"]
[White "Barrientos Chavarriaga, Sergio"]
[Black "Narciso Dublan, Marc"]
[Result "0-1"]
[WhiteElo "2432"]
[BlackElo "2458"]
[PlyCount "64"]
[EventDate "2005.03.01"]
[EventType "tourn"]
[EventRounds "9"]
[EventCountry "ESP"]
[EventCategory "8"]
[Source "lmi"]
[SourceDate "2005.03.11"]

1. e4 e6 2. d4 d5 3. Nc3 Bb4 4. exd5 exd5 5. Bd3 Ne7 6. Qf3 c5 7. dxc5 d4 8. a3
Qa5 9. axb4 Qxa1 10. Nce2 Qa4 11. Nxd4 Qxb4+ 12. c3 Qxc5 13. Nb5 O-O 14. Ne2
Na6 15. O-O Qd5 16. Qg3 Nf5 17. Qh3 g6 18. g4 Ng7 19. Bh6 Bxg4 20. Qxg4 Qxd3
21. Nbd4 Rfe8 22. Ng3 f5 23. Qh4 Ne6 24. Qf6 Nac5 25. Re1 Nd7 26. Qh4 Nxd4 27.
Rxe8+ Rxe8 28. cxd4 Qd1+ 29. Kg2 Qg4 30. Qxg4 fxg4 31. Bd2 Nf6 32. f3 Rc8 0-1

[Event "3. Magitral Ciutat de Badalona"]
[Site "Badalona ESP"]
[Date "2005.03.02"]
[Round "2.4"]
[White "Escobar Forero, Alder"]
[Black "Fluvia Poyatos, Joan"]
[Result "1-0"]
[WhiteElo "2407"]
[BlackElo "2478"]
[PlyCount "131"]
[EventDate "2005.03.01"]
[EventType "tourn"]
[EventRounds "9"]
[EventCountry "ESP"]
[EventCategory "8"]
[Source "lmi"]
[SourceDate "2005.03.11"]

1. e4 c5 2. Nf3 Nc6 3. Bb5 g6 4. c3 Nf6 5. Qa4 Bg7 6. O-O O-O 7. d4 d5 8. e5
Ne4 9. Bxc6 bxc6 10. Qxc6 Rb8 11. Qa4 Bd7 12. Qd1 Qc7 13. dxc5 Bb5 14. Re1 Nxc5
15. Be3 Nd3 16. Re2 Nxe5 17. Rc2 Nxf3+ 18. Qxf3 d4 19. Bc1 Qe5 20. Bd2 Be2 21.
cxd4 Qb5 22. Qe3 Bd3 23. Na3 Qf5 24. Rc5 e5 25. Bc3 Rfd8 26. dxe5 Bf8 27. Ra5
Be4 28. e6 Rd5 29. exf7+ Kxf7 30. Qxa7+ Qd7 31. Qxd7+ Rxd7 32. Nc4 Rdb7 33.
Ne5+ Kg8 34. Re1 Bf5 35. a3 Rc8 36. g4 Bc2 37. Re2 Bb3 38. Rd2 Bg7 39. h3 Re7
40. Re2 Bh6 41. Re4 Bc2 42. Rb4 Bg7 43. Rbb5 Re6 44. Rc5 Rd8 45. Rd5 Rc8 46.
Rd7 Be4 47. f3 Bc2 48. Rad5 Ree8 49. Kf2 Bb3 50. Ra5 Rxc3 51. Rxg7+ Kxg7 52.
bxc3 Rc8 53. c4 Bxc4 54. Ra7+ Kf6 55. Nxc4 Rxc4 56. Rxh7 Ra4 57. h4 Rxa3 58.
g5+ Ke5 59. Re7+ Kd5 60. Kg3 Ra1 61. Rg7 Ra6 62. Kg4 Rb6 63. Rf7 Rb1 64. Rf6
Rg1+ 65. Kf4 Rh1 66. Kg3 1-0

[Event "3. Magitral Ciutat de Badalona"]
[Site "Badalona ESP"]
[Date "2005.03.02"]
[Round "2.5"]
[White "Belezky, Sasha"]
[Black "Lopez Martinez, Josep Manuel"]
[Result "0-1"]
[WhiteElo "2399"]
[BlackElo "2468"]
[PlyCount "122"]
[EventDate "2005.03.01"]
[EventType "tourn"]
[EventRounds "9"]
[EventCountry "ESP"]
[EventCategory "8"]
[Source "lmi"]
[SourceDate "2005.03.11"]

1. d4 d5 2. Nf3 e6 3. e3 Nf6 4. Bd3 c5 5. c3 Nbd7 6. O-O Bd6 7. Nbd2 O-O 8. e4
cxd4 9. cxd4 dxe4 10. Nxe4 Be7 11. Re1 b6 12. Ne5 Bb7 13. Ng5 h6 14. Ngf3 Bb4
15. Bd2 Nxe5 16. dxe5 Bxf3 17. gxf3 Qxd3 18. Bxb4 Qg6+ 19. Kf1 Nd5 20. Bxf8 Nf4
21. Re4 Qg2+ 22. Ke1 Nh3 23. Qe2 Rxf8 24. Qf1 Qxh2 25. Rc1 Rd8 26. Rc2 Ng5 27.
Re3 Qf4 28. Qe2 h5 29. Rc4 Qf5 30. Rec3 Qh3 31. Rd3 Nxf3+ 32. Qxf3 Rxd3 33.
Rc8+ Kh7 34. Qxh3 Rxh3 35. Rc7 Rh1+ 36. Ke2 Kg6 37. Rxa7 Rc1 38. Kd2 Rb1 39.
Kc3 h4 40. Ra8 Kg5 41. Rg8 g6 42. a4 Kf4 43. Rf8 g5 44. Rxf7+ Kxe5 45. Rh7 Ra1
46. Kb4 Kf4 47. Rf7+ Kg4 48. Kb5 h3 49. Rh7 Ra2 50. b4 Rxf2 51. Kxb6 h2 52. a5
Kg3 53. a6 Rf4 54. b5 Rh4 55. Rxh4 gxh4 56. Ka7 h1=Q 57. b6 Qg1 58. Kb7 h3 59.
a7 h2 60. Ka8 h1=Q+ 61. b7 Qb1 0-1

[Event "3. Magitral Ciutat de Badalona"]
[Site "Badalona ESP"]
[Date "2005.03.03"]
[Round "3.1"]
[White "Lopez Martinez, Josep Manuel"]
[Black "Kalod, Radek"]
[Result "1-0"]
[WhiteElo "2468"]
[BlackElo "2505"]
[PlyCount "135"]
[EventDate "2005.03.01"]
[EventType "tourn"]
[EventRounds "9"]
[EventCountry "ESP"]
[EventCategory "8"]
[Source "lmi"]
[SourceDate "2005.03.11"]

1. e4 e6 2. d4 d5 3. Nc3 dxe4 4. Nxe4 Nd7 5. Nf3 Ngf6 6. Bg5 h6 7. Nxf6+ Nxf6
8. Be3 Nd5 9. Qd2 Bd6 10. O-O-O O-O 11. Kb1 Qf6 12. Bd3 Bd7 13. c4 Nxe3 14.
Qxe3 Qf4 15. Qxf4 Bxf4 16. Be4 f5 17. Bc2 Bc6 18. d5 exd5 19. cxd5 Bd7 20. Nd4
Bd6 21. Ne6 Rf6 22. Bb3 Rc8 23. f4 Kh7 24. Rhe1 a5 25. Bc2 Kg8 26. g3 Kf7 27.
Nd4 Re8 28. Nf3 Rxe1 29. Rxe1 Kf8 30. Ne5 Bb5 31. a3 g6 32. Re3 Be8 33. Rb3 b6
34. Rc3 Ke7 35. Re3 Kf8 36. Bb3 Bc5 37. Re1 Rd6 38. Kc2 Bf7 39. Rd1 Kg7 40. Kc3
b5 41. Ba2 Bg8 42. b4 axb4+ 43. axb4 Ba7 44. Bb3 Ra6 45. Nc6 Bb6 46. Re1 Ra3
47. Re7+ Kf6 48. Rd7 Bf7 49. Rd8 g5 50. Kb2 Ra6 51. d6 Bxb3 52. d7 Bf7 53. Rf8
Ra2+ 54. Kb1 Rd2 55. d8=Q+ Rxd8 56. Nxd8 Ke7 57. Rxf7+ Kxd8 58. fxg5 hxg5 59.
Rxf5 Bg1 60. h3 Be3 61. Rd5+ Kc8 62. Rxb5 c5 63. Rxc5+ Bxc5 64. bxc5 Kd7 65. h4
gxh4 66. gxh4 Kc6 67. h5 Kxc5 68. h6 1-0

[Event "3. Magitral Ciutat de Badalona"]
[Site "Badalona ESP"]
[Date "2005.03.03"]
[Round "3.2"]
[White "Fluvia Poyatos, Joan"]
[Black "Belezky, Sasha"]
[Result "1-0"]
[WhiteElo "2478"]
[BlackElo "2399"]
[PlyCount "71"]
[EventDate "2005.03.01"]
[EventType "tourn"]
[EventRounds "9"]
[EventCountry "ESP"]
[EventCategory "8"]
[Source "lmi"]
[SourceDate "2005.03.11"]

1. e4 c5 2. Nf3 d6 3. d4 cxd4 4. Nxd4 Nf6 5. Nc3 g6 6. Bc4 Bg7 7. O-O O-O 8.
Re1 Nbd7 9. a4 Nc5 10. Nb3 Be6 11. Bxe6 Nxe6 12. Nd5 Rc8 13. c3 Nc5 14. Nxc5
dxc5 15. Bg5 e6 16. Nxf6+ Bxf6 17. Qxd8 Bxd8 18. Bh6 Re8 19. Rad1 Bc7 20. Bg5
Bd8 21. Be3 Bf6 22. Rd7 Re7 23. Red1 Rc7 24. Rd8+ Kg7 25. g4 h6 26. f4 Kh7 27.
e5 Bg7 28. Bf2 g5 29. Bg3 gxf4 30. Bh4 Bxe5 31. Bxe7 Rxe7 32. R1d7 Rxd7 33.
Rxd7 Kg6 34. Rxb7 f5 35. gxf5+ Kxf5 36. Rxa7 1-0

[Event "3. Magitral Ciutat de Badalona"]
[Site "Badalona ESP"]
[Date "2005.03.03"]
[Round "3.3"]
[White "Granados Gomez, Manuel"]
[Black "Escobar Forero, Alder"]
[Result "1/2-1/2"]
[WhiteElo "2414"]
[BlackElo "2407"]
[PlyCount "38"]
[EventDate "2005.03.01"]
[EventType "tourn"]
[EventRounds "9"]
[EventCountry "ESP"]
[EventCategory "8"]
[Source "lmi"]
[SourceDate "2005.03.11"]

1. c4 Nf6 2. Nc3 g6 3. e4 d6 4. g3 Bg7 5. Bg2 O-O 6. Nge2 c5 7. O-O Nc6 8. d3
Rb8 9. h3 a6 10. a4 Ne8 11. Be3 Nd4 12. Rb1 Nxe2+ 13. Nxe2 Bd7 14. b4 cxb4 15.
Rxb4 b5 16. axb5 axb5 17. cxb5 Rxb5 18. Rxb5 Bxb5 19. Qb3 Qa5 1/2-1/2

[Event "3. Magitral Ciutat de Badalona"]
[Site "Badalona ESP"]
[Date "2005.03.03"]
[Round "3.4"]
[White "Narciso Dublan, Marc"]
[Black "Moskalenko, Viktor"]
[Result "1/2-1/2"]
[WhiteElo "2458"]
[BlackElo "2539"]
[PlyCount "48"]
[EventDate "2005.03.01"]
[EventType "tourn"]
[EventRounds "9"]
[EventCountry "ESP"]
[EventCategory "8"]
[Source "lmi"]
[SourceDate "2005.03.11"]

1. c4 f5 2. Nf3 Nf6 3. g3 c6 4. Bg2 d5 5. O-O e6 6. d3 dxc4 7. dxc4 Qxd1 8.
Rxd1 Bc5 9. Nc3 O-O 10. Bf4 Nbd7 11. Na4 Be7 12. Ne5 Nxe5 13. Bxe5 Nd7 14. Bc7
e5 15. e4 fxe4 16. Nc3 Nc5 17. Nxe4 Nxe4 18. Bxe4 Bg4 19. f3 Bxf3 20. Bxf3 Rxf3
21. Bxe5 Re8 22. Bd4 Bf6 23. Bxf6 Rxf6 24. Rd2 Re7 1/2-1/2

[Event "3. Magitral Ciutat de Badalona"]
[Site "Badalona ESP"]
[Date "2005.03.03"]
[Round "3.5"]
[White "Fluvia Poyatos, Jordi"]
[Black "Barrientos Chavarriaga, Sergio"]
[Result "1/2-1/2"]
[WhiteElo "2399"]
[BlackElo "2432"]
[PlyCount "70"]
[EventDate "2005.03.01"]
[EventType "tourn"]
[EventRounds "9"]
[EventCountry "ESP"]
[EventCategory "8"]
[Source "lmi"]
[SourceDate "2005.03.11"]

1. d4 d5 2. c4 c6 3. cxd5 cxd5 4. Bf4 Nc6 5. e3 Nf6 6. Bd3 g6 7. Nc3 Bg7 8. h3
O-O 9. Nf3 a6 10. Rc1 b5 11. O-O Bb7 12. Nd2 e5 13. dxe5 Nh5 14. Nf3 Nxf4 15.
exf4 f6 16. Nxd5 Qxd5 17. Bc4 Qxc4 18. Rxc4 bxc4 19. Qd5+ Kh8 20. e6 Rfe8 21.
Qxc4 Rad8 22. Re1 Ne7 23. Nd4 Rc8 24. Qb4 Bd5 25. Qa4 f5 26. Nb3 Bc4 27. Na5
Bb5 28. Qb3 Red8 29. a4 Be8 30. Qb7 Bf6 31. b3 Rb8 32. Qa7 Ra8 33. Qb7 Rab8 34.
Qa7 Ra8 35. Qb7 Rab8 1/2-1/2

[Event "3. Magitral Ciutat de Badalona"]
[Site "Badalona ESP"]
[Date "2005.03.04"]
[Round "4.1"]
[White "Kalod, Radek"]
[Black "Barrientos Chavarriaga, Sergio"]
[Result "0-1"]
[WhiteElo "2505"]
[BlackElo "2432"]
[PlyCount "118"]
[EventDate "2005.03.01"]
[EventType "tourn"]
[EventRounds "9"]
[EventCountry "ESP"]
[EventCategory "8"]
[Source "lmi"]
[SourceDate "2005.03.11"]

1. e4 c5 2. Nf3 Nc6 3. Bb5 g6 4. c3 Nf6 5. Qe2 Bg7 6. d4 cxd4 7. cxd4 d5 8. Ne5
O-O 9. Bxc6 bxc6 10. exd5 Qxd5 11. O-O c5 12. Nc3 Qe6 13. Nf3 Qxe2 14. Nxe2 Ba6
15. Re1 Nd5 16. Nf4 Nb4 17. Rxe7 Nc2 18. Rb1 cxd4 19. Bd2 Rfe8 20. Rc7 d3 21.
b4 Nd4 22. Nxd4 Bxd4 23. b5 Bc8 24. h4 Bf5 25. a4 Re4 26. Rb4 Rd8 27. g3 Re2
28. Nxe2 dxe2 29. a5 Be5 30. Re7 Rxd2 31. Rxe5 Rd1+ 32. Kg2 e1=Q 33. Rxe1 Rxe1
34. g4 Re4 35. Rxe4 Bxe4+ 36. Kg3 f6 37. Kf4 Ba8 38. Ke3 Kf7 39. Kd4 h5 40.
gxh5 gxh5 41. Kc5 Ke6 42. Kd4 Kd6 43. Kc4 Bg2 44. Kd4 Bd5 45. b6 a6 46. Ke3 Ke5
47. Kd3 f5 48. Ke3 Bb7 49. Kd3 f4 50. Kc4 Bc6 51. Kc5 Bd5 52. Kb4 Kd4 53. Ka3
Kc3 54. Ka4 Bc6+ 55. Ka3 f3 56. Ka2 Kd2 57. Kb3 Ke2 58. Kc4 Kxf2 59. Kc5 Be4
0-1

[Event "3. Magitral Ciutat de Badalona"]
[Site "Badalona ESP"]
[Date "2005.03.04"]
[Round "4.2"]
[White "Moskalenko, Viktor"]
[Black "Fluvia Poyatos, Jordi"]
[Result "1-0"]
[WhiteElo "2539"]
[BlackElo "2399"]
[PlyCount "47"]
[EventDate "2005.03.01"]
[EventType "tourn"]
[EventRounds "9"]
[EventCountry "ESP"]
[EventCategory "8"]
[Source "lmi"]
[SourceDate "2005.03.11"]

1. d4 d5 2. Nf3 Nc6 3. c4 Bg4 4. cxd5 Bxf3 5. gxf3 Qxd5 6. e3 e5 7. Nc3 Bb4 8.
a3 Bxc3+ 9. bxc3 Nf6 10. c4 Qd6 11. d5 Ne7 12. a4 Nd7 13. Ba3 Nc5 14. Bd3 c6
15. O-O O-O 16. Kh1 b6 17. Qc2 Kh8 18. Rad1 f5 19. Be2 Rad8 20. dxc6 Qxc6 21.
Rxd8 Rxd8 22. Rd1 Rxd1+ 23. Qxd1 Qxa4 24. Qxa4 1-0

[Event "3. Magitral Ciutat de Badalona"]
[Site "Badalona ESP"]
[Date "2005.03.04"]
[Round "4.3"]
[White "Escobar Forero, Alder"]
[Black "Narciso Dublan, Marc"]
[Result "1/2-1/2"]
[WhiteElo "2407"]
[BlackElo "2458"]
[PlyCount "71"]
[EventDate "2005.03.01"]
[EventType "tourn"]
[EventRounds "9"]
[EventCountry "ESP"]
[EventCategory "8"]
[Source "lmi"]
[SourceDate "2005.03.11"]

1. e4 e6 2. d4 d5 3. Nc3 Bb4 4. e5 c5 5. a3 Bxc3+ 6. bxc3 Qa5 7. Bd2 Qa4 8. Qb1
c4 9. f4 Nc6 10. Nf3 Bd7 11. g3 f5 12. exf6 Nxf6 13. Bh3 Ne4 14. O-O O-O-O 15.
Qb2 h6 16. Rab1 b6 17. Rbe1 Rdf8 18. Qc1 Qa5 19. Nh4 Rf6 20. Rxe4 dxe4 21. Re1
e3 22. Rxe3 g5 23. Ng2 Rg8 24. fxg5 hxg5 25. Bg4 e5 26. Bf3 Rxf3 27. Rxf3 exd4
28. Qf1 Qd5 29. Rf6 Re8 30. Qf3 Re4 31. Rd6 Qxd6 32. Qxe4 dxc3 33. Bxc3 Qxa3
34. Qxc4 Qc1+ 35. Be1 Kc7 36. h4 1/2-1/2

[Event "3. Magitral Ciutat de Badalona"]
[Site "Badalona ESP"]
[Date "2005.03.04"]
[Round "4.5"]
[White "Lopez Martinez, Josep Manuel"]
[Black "Fluvia Poyatos, Joan"]
[Result "1/2-1/2"]
[WhiteElo "2468"]
[BlackElo "2478"]
[PlyCount "42"]
[EventDate "2005.03.01"]
[EventType "tourn"]
[EventRounds "9"]
[EventCountry "ESP"]
[EventCategory "8"]
[Source "lmi"]
[SourceDate "2005.03.11"]

1. Nf3 Nf6 2. c4 e6 3. g3 d5 4. b3 Be7 5. Bg2 O-O 6. O-O b6 7. Bb2 Bb7 8. e3 c5
9. Nc3 Nbd7 10. Qe2 Rc8 11. cxd5 Nxd5 12. Nxd5 Bxd5 13. d4 cxd4 14. Nxd4 Bxg2
15. Kxg2 Qc7 16. Qf3 Nc5 17. Rac1 a5 18. Rfd1 Rfe8 19. Ba3 Bf8 20. b4 axb4 21.
Bxb4 Qa7 1/2-1/2

[Event "3. Magitral Ciutat de Badalona"]
[Site "Badalona ESP"]
[Date "2005.03.07"]
[Round "5.1"]
[White "Fluvia Poyatos, Joan"]
[Black "Kalod, Radek"]
[Result "1/2-1/2"]
[WhiteElo "2478"]
[BlackElo "2505"]
[PlyCount "62"]
[EventDate "2005.03.01"]
[EventType "tourn"]
[EventRounds "9"]
[EventCountry "ESP"]
[EventCategory "8"]
[Source "lmi"]
[SourceDate "2005.03.11"]

1. e4 c5 2. Nf3 d6 3. d4 cxd4 4. Nxd4 Nf6 5. Nc3 a6 6. Be3 e6 7. f3 b5 8. g4
Nfd7 9. Qd2 Nb6 10. a4 Nc4 11. Bxc4 bxc4 12. a5 Qc7 13. Na4 Nd7 14. Nb6 Rb8 15.
Ne2 Be7 16. Qc3 O-O 17. Qxc4 Qb7 18. O-O Bd8 19. Nxc8 Ne5 20. Qa4 Qxc8 21. Bd4
Rb5 22. Bxe5 dxe5 23. b4 Qc4 24. Qb3 Rxb4 25. Qxc4 Rxc4 26. Ra2 Rc5 27. Rfa1
Bg5 28. Rb1 h5 29. gxh5 Rfc8 30. c3 Bd8 31. Kg2 Rxa5 1/2-1/2

[Event "3. Magitral Ciutat de Badalona"]
[Site "Badalona ESP"]
[Date "2005.03.07"]
[Round "5.2"]
[White "Granados Gomez, Manuel"]
[Black "Lopez Martinez, Josep Manuel"]
[Result "0-1"]
[WhiteElo "2414"]
[BlackElo "2468"]
[PlyCount "82"]
[EventDate "2005.03.01"]
[EventType "tourn"]
[EventRounds "9"]
[EventCountry "ESP"]
[EventCategory "8"]
[Source "lmi"]
[SourceDate "2005.03.11"]

1. c4 e5 2. g3 Nf6 3. Bg2 d5 4. cxd5 Nxd5 5. Nc3 Nb6 6. Nf3 Nc6 7. O-O Be7 8.
a3 O-O 9. d3 Be6 10. b4 a5 11. b5 Nd4 12. Nd2 c6 13. bxc6 Nxc6 14. a4 Bb4 15.
Bb2 Qe7 16. Nb5 Rfd8 17. Ba3 Bxa3 18. Rxa3 Nd4 19. Nxd4 Qxa3 20. Nxe6 fxe6 21.
Bxb7 Rab8 22. Bc6 Nd5 23. Ne4 Rb4 24. Qd2 Ne7 25. Qc2 Rc8 26. Qc5 Nxc6 27. Qd6
Qb3 28. Qd7 Rbb8 29. Nd6 Rd8 30. Qxc6 Rb6 31. Qc4 Rdxd6 32. Qc8+ Kf7 33. f4 e4
34. f5 e5 35. f6 gxf6 36. Rc1 Rb7 37. Qf5 Qb6+ 38. Kg2 Kg7 39. Rc4 Kh8 40. Qxe4
Rb8 41. Qf5 Qb7+ 0-1

[Event "3. Magitral Ciutat de Badalona"]
[Site "Badalona ESP"]
[Date "2005.03.07"]
[Round "5.3"]
[White "Narciso Dublan, Marc"]
[Black "Belezky, Sasha"]
[Result "1-0"]
[WhiteElo "2458"]
[BlackElo "2399"]
[PlyCount "61"]
[EventDate "2005.03.01"]
[EventType "tourn"]
[EventRounds "9"]
[EventCountry "ESP"]
[EventCategory "8"]
[Source "lmi"]
[SourceDate "2005.03.11"]

1. d4 Nf6 2. c4 e5 3. dxe5 Ng4 4. Bf4 g5 5. Bd2 Nxe5 6. Nf3 Bg7 7. Nxe5 Bxe5 8.
Bc3 Qe7 9. Bxe5 Qxe5 10. Nc3 d6 11. g3 Bd7 12. Bg2 Bc6 13. Bd5 Bxd5 14. cxd5
Na6 15. Qd2 Nc5 16. Rc1 a5 17. O-O h5 18. f4 gxf4 19. Rxf4 h4 20. g4 Rg8 21.
Kh1 Rd8 22. Rf5 Qe7 23. Qf4 Rd7 24. Rf1 Rg7 25. Rh5 Rg8 26. Rf3 Kf8 27. Rh7 Rg6
28. Qf5 Kg8 29. Qh5 Qe5 30. Rf5 Qd4 31. e3 1-0

[Event "3. Magitral Ciutat de Badalona"]
[Site "Badalona ESP"]
[Date "2005.03.07"]
[Round "5.4"]
[White "Fluvia Poyatos, Jordi"]
[Black "Escobar Forero, Alder"]
[Result "0-1"]
[WhiteElo "2399"]
[BlackElo "2407"]
[PlyCount "62"]
[EventDate "2005.03.01"]
[EventType "tourn"]
[EventRounds "9"]
[EventCountry "ESP"]
[EventCategory "8"]
[Source "lmi"]
[SourceDate "2005.03.11"]

1. e4 c5 2. Nf3 e6 3. d4 cxd4 4. Nxd4 Nf6 5. Nc3 d6 6. g4 h6 7. h3 Nc6 8. Bg2
Nxd4 9. Qxd4 e5 10. Qd3 Be6 11. Be3 Be7 12. O-O O-O 13. Nd5 Nxd5 14. exd5 Bd7
15. Be4 Bg5 16. Kg2 g6 17. f4 exf4 18. Bxf4 Bxf4 19. Rxf4 Qg5 20. Qf3 f5 21. h4
Qf6 22. gxf5 gxf5 23. Bd3 Kh8 24. c3 Rae8 25. Rf1 Re5 26. Rf2 Rg8+ 27. Kh2 Qg7
28. c4 Qg1+ 29. Kh3 Re4 30. Be2 Rxf4 31. Qxf4 Rg3+ 0-1